[Event "Regionalliga NW 0203"]
[Site "Bayern"]
[Date "2003.01.26"]
[Round "5.6"]
[White "Kaplanski, Michael"]
[Black "Kuhn, Tobias"]
[Result "1-0"]
[WhiteElo "1970"]
[BlackElo "1832"]
[PlyCount "69"]
[EventDate "2002.10.20"]
[EventType "team-tourn"]
[EventRounds "9"]
[EventCountry "GER"]
[SourceTitle "EXT 2004"]
[Source "ChessBase"]
[SourceDate "2003.11.25"]
[SourceVersion "1"]
[SourceVersionDate "2003.11.25"]
[SourceQuality "1"]
[WhiteTeam "Hof"]
[BlackTeam "Klingenberg"]
[WhiteTeamCountry "GER"]
[BlackTeamCountry "GER"]

1. e4 e5 2. d4 Nc6 3. d5 Nce7 4. c4 d6 5. Nc3 f5 6. f4 Ng6 7. fxe5 Nxe5 8. Nf3 Qe7 9. Nxe5 Qxe5 10. Qf3 Nf6 11. Bf4 fxe4 12. Bxe5 exf3 13. Bd4 fxg2 14. Bxg2 Bd7 15. 0-0 Be7 16. Rae1 Kf7 17. Bf3 h5 18. Ne4 Rae8 19. Ng5+ Kg6 20. Ne6 Bxe6 21. dxe6 b6 22. Bd1 Nh7 23. Rf7 Bf6 24. Bc2+ Kh6 25. Be3+ Bg5 26. Bd4 Bf6 27. Bxf6 gxf6 28. Ba4 Reg8+ 29. Kh1 Ng5 30. Rxf6+ Kg7 31. Rf2 Nh3 32. Rg2+ Kh6 33. e7 Rxg2 34. Kxg2 Nf4+ 35. Kf3 1-0

[Event "Regionalliga NW 0203"]
[Site "Bayern"]
[Date "2002.12.15"]
[Round "3.6"]
[White "Kaplanski, Michael"]
[Black "Hohner, Karl Heinz"]
[Result "1/2-1/2"]
[WhiteElo "1955"]
[BlackElo "1978"]
[PlyCount "74"]
[EventDate "2002.10.20"]
[EventType "team-tourn"]
[EventRounds "9"]
[EventCountry "GER"]
[SourceTitle "EXT 2004"]
[Source "ChessBase"]
[SourceDate "2003.11.25"]
[SourceVersion "1"]
[SourceVersionDate "2003.11.25"]
[SourceQuality "1"]
[WhiteTeam "Hof"]
[BlackTeam "Kronach"]
[WhiteTeamCountry "GER"]
[BlackTeamCountry "GER"]

1. e4 e5 2. d4 exd4 3. c3 d5 4. Qxd4 dxe4 5. Qxd8+ Kxd8 6. Bc4 Ke8 7. Bf4 Bd6 8. Bxd6 cxd6 9. Na3 a6 10. 0-0-0 Ke7 11. Ne2 Nf6 12. Nf4 Nc6 13. Nd5+ Nxd5 14. Bxd5 Be6 15. Bxe4 Rhd8 16. Rhe1 Kf8 17. Kb1 h6 18. Nc2 d5 19. Bf3 Rd7 20. Nd4 Nxd4 21. Rxd4 Rad8 22. Red1 Ke7 23. Kc1 Kf6 24. Be2 Rc7 25. f4 g6 26. Kd2 Ke7 27. Ke3 Rcd7 28. Bf3 f5 29. c4 dxc4 30. Rxd7+ Bxd7 31. Bxb7 Rb8 32. Bxa6 Rxb2 33. Bxc4 Rxg2 34. Rd2 Rxd2 35. Kxd2 g5 36. Ke3 Bc6 37. a3 Kf6 1/2-1/2

[Event "Regionalliga NW 0102"]
[Site "Bayern"]
[Date "2002.04.28"]
[Round "9.7"]
[White "Knappe, Dieter"]
[Black "Kaplanski, Michael"]
[Result "0-1"]
[WhiteElo "1855"]
[BlackElo "1970"]
[PlyCount "44"]
[EventDate "2001.10.07"]
[EventType "team-tourn"]
[EventRounds "9"]
[EventCountry "GER"]
[SourceTitle "EXT 2003"]
[Source "ChessBase"]
[SourceDate "2002.11.25"]
[SourceVersion "1"]
[SourceVersionDate "2002.11.25"]
[SourceQuality "1"]
[WhiteTeam "Bindlach II"]
[BlackTeam "Hof"]
[WhiteTeamCountry "GER"]
[BlackTeamCountry "GER"]

1. d4 Nf6 2. c4 d6 3. Nc3 g6 4. e4 Bg7 5. f3 0-0 6. Be3 Nbd7 7. Bd3 c5 8. d5 Ne5 9. Rc1 Nxd3+ 10. Qxd3 Nd7 11. Qd2 Ne5 12. b3 f5 13. Nge2 fxe4 14. fxe4 Bg4 15. Kd1 Bxe2+ 16. Nxe2 Ng4 17. Kc2 Nxe3+ 18. Qxe3 Qa5 19. Kb1 Rf7 20. Rhf1 Raf8 21. Rxf7 Rxf7 22. Rd1 Qa3 0-1

[Event "Regionalliga NW 0001"]
[Site "Bayern"]
[Date "2001.03.11"]
[Round "7"]
[White "Kaplanski, Michael"]
[Black "Lechleitner, Walter"]
[Result "1/2-1/2"]
[WhiteElo "1980"]
[BlackElo "2020"]
[PlyCount "91"]
[EventDate "2000.10.15"]
[EventType "team-tourn"]
[EventRounds "9"]
[EventCountry "GER"]
[SourceTitle "EXT 2020"]
[Source "ChessBase"]
[SourceDate "2019.10.17"]
[SourceVersion "1"]
[SourceVersionDate "2019.10.17"]
[SourceQuality "1"]
[WhiteTeam "Hof SK"]
[BlackTeam "Kronach"]
[WhiteTeamCountry "GER"]
[BlackTeamCountry "GER"]

1. e4 e6 2. d4 d5 3. Nd2 a6 4. Ngf3 c5 5. exd5 exd5 6. dxc5 Bxc5 7. Nb3 Ba7 8. Be2 Nf6 9. Bg5 0-0 10. 0-0 Qd6 11. c3 Ne4 12. Be3 Bxe3 13. fxe3 Nc6 14. Nfd4 Qe5 15. Nf3 Qd6 16. Nbd4 Bg4 17. Ne1 Bxe2 18. Qxe2 Nxd4 19. exd4 Rae8 20. Qd3 Re6 21. Nf3 Qb6 22. Qc2 Qc7 23. Rae1 b5 24. Qb3 Qd6 25. a3 Rh6 26. Qc2 a5 27. g3 Rc8 28. Ne5 Rc7 29. Re2 Re6 30. Qb3 Rb7 31. a4 b4 32. Kg2 Ree7 33. c4 dxc4 34. Qxc4 Nf6 35. Qc8+ Ne8 36. Qc4 Qe6 37. d5 Qd6 38. Rfe1 Kf8 39. Qc6 Rbc7 40. Qxd6 Nxd6 41. Nc6 Rxe2+ 42. Rxe2 Nc4 43. b3 Nb6 44. Nxa5 Nxd5 45. Nc4 Nc3 46. Re5 1/2-1/2

[Event "Bayern-ch Seniors 13th"]
[Site "Schloss Schney"]
[Date "2001.??.??"]
[Round "7"]
[White "Kaplanski, Michael"]
[Black "Wittkugel, Friedhelm"]
[Result "1/2-1/2"]
[WhiteElo "1957"]
[BlackElo "1890"]
[PlyCount "85"]
[EventDate "2001.06.??"]
[EventType "swiss"]
[EventRounds "9"]
[EventCountry "GER"]
[SourceTitle "EXT 2006"]
[Source "ChessBase"]
[SourceDate "2005.11.24"]
[SourceVersion "1"]
[SourceVersionDate "2005.11.24"]
[SourceQuality "1"]

1. e4 c5 2. d4 cxd4 3. c3 Nc6 4. Bc4 e6 5. Qe2 Be7 6. e5 d5 7. exd6 Qxd6 8. Nf3 Nf6 9. 0-0 0-0 10. Rd1 e5 11. cxd4 e4 12. Ne5 Nxe5 13. dxe5 Qxe5 14. h3 Bd6 15. Rxd6 Qxd6 16. Nc3 Be6 17. Bb5 a6 18. Ba4 b5 19. Bc2 Bc4 20. Qe1 Bd3 21. Bb3 h6 22. Be3 a5 23. a4 Qb4 24. Ba2 bxa4 25. Bd2 Qxb2 26. Nxa4 Qb5 27. Nc3 Qf5 28. Na4 Bc2 29. Nb6 Ra6 30. Nc4 Bd3 31. Ne3 Qh5 32. Qc1 Nd7 33. Qc7 Ne5 34. Bc3 Ng6 35. Bd4 Nh4 36. Bc5 Re8 37. Rc1 Raa8 38. Ba3 Rac8 39. Qxc8 Rxc8 40. Rxc8+ Kh7 41. Rf8 Nf3+ 42. gxf3 Qe5 43. Bxf7 1/2-1/2

[Event "Landesliga Nord 9798"]
[Site "Bayern"]
[Date "1997.??.??"]
[Round "?.4"]
[White "Kaplanski, Michael"]
[Black "Kreuzer, Helmut"]
[Result "0-1"]
[WhiteElo "2020"]
[BlackElo "2080"]
[PlyCount "88"]
[EventDate "1997.10.19"]
[EventType "team-tourn"]
[EventRounds "9"]
[EventCountry "GER"]
[SourceTitle "EXT 2020"]
[Source "ChessBase"]
[SourceDate "2019.10.17"]
[SourceVersion "1"]
[SourceVersionDate "2019.10.17"]
[SourceQuality "1"]
[WhiteTeam "Hof SK II"]
[BlackTeam "Kelheim"]
[WhiteTeamCountry "GER"]
[BlackTeamCountry "GER"]

1. Nf3 d5 2. g3 Nf6 3. Bg2 c6 4. d3 Bg4 5. h3 Bh5 6. Nbd2 Nbd7 7. c4 e6 8. a3 a5 9. 0-0 Bc5 10. d4 Bd6 11. cxd5 cxd5 12. Re1 0-0 13. e4 dxe4 14. Nxe4 Nxe4 15. Rxe4 Qb6 16. Re2 Nf6 17. g4 Bg6 18. Ne5 Rfd8 19. Nxg6 hxg6 20. Be3 Be7 21. Rc1 Nd5 22. Qd3 Rd7 23. Rec2 Rad8 24. Qe2 Bf6 25. Rd1 Rc7 26. Rxc7 Qxc7 27. Rc1 Qb6 28. Rc5 Nxe3 29. fxe3 Rxd4 30. Rb5 Rd1+ 31. Qxd1 Qxb5 32. b3 Qc5 33. Qd3 Qc1+ 34. Bf1 Bg5 35. e4 Qxa3 36. Qb5 Be3+ 37. Kg2 Qb2+ 38. Be2 Qc1 39. Bf1 Qc2+ 40. Be2 Qb1 41. e5 Qg1+ 42. Kf3 Qf2+ 43. Ke4 Qf4+ 44. Kd3 Qd4+ 0-1